| 000 | 00681pam a2200241 a 4500 | ||
|---|---|---|---|
| 008 | |||
| 020 | _a0137470649 (pbk.) | ||
| 049 | _aMAIN | ||
| 090 | 0 | _aTS156 | |
| 100 | 1 | _aBesterfield, Dale H. | |
| 245 | 1 | 0 |
_aQuality control / _cDale H. Besterfield. |
| 250 | _a3rd ed. | ||
| 260 |
_aEnglewood Cliffs, N.J. : _bPrentice Hall, _cc1990. |
||
| 300 |
_aviii, 440 p. : _bill. ; _c24 cm. |
||
| 500 | _aIncludes index. | ||
| 504 | _aIncludes bibliographical references. | ||
| 650 | 0 | _aQuality control. | |
| 907 |
_a.b10227076 _b11-06-07 _c25-01-07 |
||
| 003 | |||
| 005 | 20230123134342.0 | ||
| 040 | _cNUST | ||
| 942 |
_cBOOKS _kTS156 |
||
| 999 |
_c164411 _d164411 |
||